书目信息 |
| 题名: |
唐诗三百首·宋词三百首·元曲三百首?ATang Shi San Bai Shou·Song Ci San Bai Shou·Yuan QuSan Bai Shou
|
|
| 作者: | 蘅塘退士 编 | |
| 分册: | ||
| 出版信息: | 长沙 岳麓书社 1995.06 |
|
| 页数: | 479页 | |
| 开本: | 32开 | |
| 丛书名: | ||
| 单 册: | ||
| 中图分类: | I222 | |
| 科图分类: | ||
| 主题词: | 诗歌--中国 , 韵文--中国 | |
| 电子资源: | ||
| ISBN: | 7-80520-600-7 | |
| 000 | 00638nam0 2200205 45 | |
| 001 | 0010241088 | |
| 005 | 20001213150643.9 | |
| 010 | @a7-80520-600-7@d16.80元 | |
| 100 | @a20001024d1995 km y0chiy0120 ea | |
| 101 | 0 | @achi |
| 105 | @a z 000yy | |
| 200 | 1 | @a唐诗三百首·宋词三百首·元曲三百首?ATang Shi San Bai Shou·Song Ci San Bai Shou·Yuan QuSan Bai Shou@f蘅塘退士等编@FHeng Tang Tui Shi Deng Bian |
| 210 | @a长沙@c岳麓书社@d1995.06 | |
| 215 | @a479页@d32开 | |
| 606 | 0 | @a诗歌@x中国 |
| 606 | 0 | @a韵文@x中国 |
| 690 | @aI222@v3 | |
| 701 | 0 | @a蘅塘退士@4编 |
| 801 | @aCN@bPftUser@c20001024 | |
| 905 | @dI222@eH848/1@b312401-405@f5 | |
| 唐诗三百首·宋词三百首·元曲三百首?ATang Shi San Bai Shou·Song Ci San Bai Shou·Yuan QuSan Bai Shou/蘅塘退士等编.-长沙:岳麓书社,1995.06 |
| 479页;32开 |
| ISBN 7-80520-600-7:16.80元 |
| ● |
| 相关链接 |
|
|
|
正题名:唐诗三百首·宋词三百首·元曲三百首
索取号:I222/H848/1
 
预约/预借
| 序号 | 登录号 | 条形码 | 馆藏地/架位号 | 状态 | 备注 |
| 1 | 185777 | 201857776 | 社科二线422/422社科库 19排1列1层/ [索取号:I222/H848/1] | 在馆 | |
| 2 | 312401 | 203124010 | 文学库108/ [索取号:I222/H848/1] | 在馆 | |
| 3 | 312402 | 203124029 | 文学库108/400B社科库 18排4列4层/ [索取号:I222/H848/1] | 在馆 | |
| 4 | 312403 | 203124038 | 社科二线422/422社科库 19排1列1层/ [索取号:I222/H848/1] | 在馆 | |
| 5 | 312404 | 203124047 | 文学库108/400B社科库 18排4列5层/ [索取号:I222/H848/1] | 在馆 | |
| 6 | 312405 | 203124056 | 文学库108/ [索取号:I222/H848/1] | 在馆 |